|
|
|
|
| LEADER |
006110000a22001570004500 |
| 020 |
|
|
|a 9788121905510
|
| 082 |
|
|
|a R 031.02
|b Q1
|
| 100 |
|
|
|a Aggarwal, R S
|9 1802
|
| 245 |
|
|
|a A modern approach to verbal & non verbal reasoning
|c R S Aggarwal
|
| 260 |
|
|
|a New Delhi:
|b S Chand & Company Ltd.,
|c 2011
|
| 300 |
|
|
|a 592p
|
| 650 |
|
|
|a Reasoning-Examinations, questions etc.
|9 1803
|
| 650 |
|
|
|a Bank officers-Examinations, questions etc.
|9 1804
|
| 942 |
|
|
|c REF
|
| 999 |
|
|
|c 51329
|d 51329
|
| 952 |
|
|
|0 0
|1 0
|4 0
|5 1
|6 R_031_020000000000000_Q1
|7 0
|8 REF
|9 52061
|a MGUL
|b MGUL
|d 2013-07-16
|e RS650.00
|l 0
|o R 031.02 Q1
|p 48818
|r 2013-07-16
|w 2013-07-16
|y REF
|